00497nam a2200169Ia 4500008004100000082001600041100002200057245002800079250000800107260003300115300001000148500002400158650001500182942000700197952010600204999001700310230524s9999 xx 000 0 und d a621.38bJAN aN.K.Mandal925199 0aElectrical Power System a2nd aNEW DELHIbDhanpat Raic2006 aX;321 aQuantity Number: 1 aElectrical cBK 00104070aTATCLbTATCLcGENd2023-05-24l0o621.38 JANp16917r2023-05-24w2023-05-24yBKzCPEE5401 c37252d37252